| 000 | nam a22 7a 4500 | ||
|---|---|---|---|
| 999 |
_c29135 _d29135 |
||
| 008 | 171109b xxu||||| |||| 00| 0 eng d | ||
| 020 | _a9781285079806 | ||
| 050 | _aP 121 .F7 2014 | ||
| 100 |
_aFromkin,Victoria. _d2014 |
||
| 245 |
_aAn introduction to language. _cVictoria Fromkin |
||
| 250 | _a10th ed | ||
| 260 |
_aAustralia: _bCencgage learning, _c2014. |
||
| 300 |
_axx,604p. _bincludes index _c19cm |
||
| 650 | _alanguges | ||
| 700 | _aRodman,Robert. | ||
| 700 | _aHyams,Nina. | ||
| 942 |
_2lcc _cSH_L_BOOKS _hP 121 .F7 2014 _05 |
||